[Event "Titled Tuesday intern op 24th Sep Early"]
[Site "Chess.com INT"]
[Date "2024.09.24"]
[Round "9"]
[White "Gavilan Diaz, Mario"]
[Black "Mitusov, Semen"]
[Result "0-1"]
[WhiteElo "2259"]
[BlackElo "2481"]
[PlyCount "62"]
[EventDate "2024.09.24"]
[EventType "swiss (blitz)"]
[EventRounds "11"]
[EventCountry "USA"]
[SourceTitle "EXT 2025"]
[Source "ChessBase"]
[SourceDate "2024.10.14"]
[SourceVersion "1"]
[SourceVersionDate "2024.10.14"]
[SourceQuality "1"]

1. d4 d5 2. Nc3 Nf6 3. Bf4 c5 4. Nf3 Nc6 5. e3 cxd4 6. exd4 a6 7. Bd3 Bg4 8. Be2 Bxf3 9. Bxf3 e6 10. Qd3 Rc8 11. 0-0-0 Be7 12. Kb1 Qa5 13. a3 0-0 14. Ne2 b5 15. Nc1 b4 16. Nb3 Qa4 17. Nc5 Bxc5 18. dxc5 e5 19. Bg5 e4 20. Qe3 exf3 21. Bxf6 gxf6 22. Qxf3 bxa3 23. b3 a2+ 24. Kb2 Qe4 25. Qg3+ Qg6 26. c3 Qxg3 27. hxg3 Rfd8 28. Rd2 d4 29. c4 Nb4 30. Rhd1 d3 31. Kc3 a5 0-1

[Event "Titled Tuesday intern op 03rd Sep Late"]
[Site "Chess.com INT"]
[Date "2024.09.03"]
[Round "10"]
[White "Le Goff, Ronan"]
[Black "Gavilan Diaz, Mario"]
[Result "1/2-1/2"]
[WhiteElo "2222"]
[BlackElo "2259"]
[PlyCount "134"]
[EventDate "2024.09.03"]
[EventType "swiss (blitz)"]
[EventRounds "11"]
[EventCountry "USA"]
[SourceTitle "EXT 2025"]
[Source "ChessBase"]
[SourceDate "2024.10.14"]
[SourceVersion "1"]
[SourceVersionDate "2024.10.14"]
[SourceQuality "1"]

1. d4 Nf6 2. c4 e6 3. Nc3 d5 4. cxd5 Nxd5 5. Nf3 c5 6. e3 cxd4 7. Nxd5 Qxd5 8. Qxd4 Qxd4 9. Nxd4 a6 10. Bd2 e5 11. Rc1 Bd7 12. Nb3 Nc6 13. Nc5 Bxc5 14. Rxc5 0-0 15. Be2 f6 16. 0-0 Rac8 17. Rd1 Be6 18. b3 Rfd8 19. Be1 Rxd1 20. Bxd1 Rd8 21. Bf3 e4 22. Be2 Ne5 23. Rc7 Nd3 24. Ba5 Rd5 25. Bc3 Nc1 26. Kf1 Nxa2 27. Bd4 Rd7 28. Rc5 Nb4 29. Bh5 Nc6 30. h3 g6 31. Bd1 Nxd4 32. exd4 Rxd4 33. Ke1 f5 34. Rc7 Rd7 35. Rc5 Kg7 36. b4 Kf6 37. b5 Rd5 38. Rc7 Rxb5 39. Rxh7 Rb1 40. Kd2 Rb2+ 41. Ke1 b5 42. Ra7 Ra2 43. g3 a5 44. h4 a4 45. h5 gxh5 46. Bxh5 a3 47. g4 f4 48. Ra5 b4 49. g5+ Ke7 50. Ra7+ Kd6 51. Bd1 Rb2 52. g6 a2 53. g7 Rb1 54. Ra6+ Kc5 55. Rxe6 Rxd1+ 56. Ke2 a1Q 57. Re5+ Qxe5 58. g8Q Rd4 59. Qc8+ Kd5 60. Qb7+ Kc4 61. Qa6+ Kc3 62. Qa1+ Kc4 63. Qa6+ Kb3 64. Kf1 Qd5 65. Kg2 e3+ 66. Kh2 exf2 67. Qd3+ Rxd3 1/2-1/2

[Event "Titled Tuesday intern op 03rd Sep Late"]
[Site "Chess.com INT"]
[Date "2024.09.03"]
[Round "5"]
[White "Tamer Wahba, Fared"]
[Black "Gavilan Diaz, Mario"]
[Result "0-1"]
[WhiteElo "2096"]
[BlackElo "2259"]
[PlyCount "69"]
[EventDate "2024.09.03"]
[EventType "swiss (blitz)"]
[EventRounds "11"]
[EventCountry "USA"]
[SourceTitle "EXT 2025"]
[Source "ChessBase"]
[SourceDate "2024.10.14"]
[SourceVersion "1"]
[SourceVersionDate "2024.10.14"]
[SourceQuality "1"]

1. e4 Nf6 2. e5 Nd5 3. d4 d6 4. Nf3 dxe5 5. Nxe5 c6 6. Bc4 g6 7. 0-0 Bg7 8. Bb3 0-0 9. Qe2 a5 10. a4 b6 11. Rd1 Ba6 12. c4 Nb4 13. Nc3 Qc7 14. Bf4 Qb7 15. Qf3 Nd7 16. Nxd7 Qxd7 17. d5 Rac8 18. d6 e5 19. Bg5 c5 20. Ne4 f5 21. Nc3 Bb7 22. Qh3 e4 23. Be7 Rf7 24. Rab1 Bf6 25. Bxf6 Rxf6 26. Nb5 Nd3 27. Rxd3 exd3 28. Rd1 Be4 29. f3 Bc6 30. Qh4 Re6 31. Rxd3 Rce8 32. h3 Kg7 33. Kh2 Bxb5 34. cxb5 Rxd6 35. Bd5 0-1

[Event "Titled Tuesday intern op 03rd Sep Late"]
[Site "Chess.com INT"]
[Date "2024.09.03"]
[Round "1"]
[White "Zambrano Rodriguez, Alexander"]
[Black "Gavilan Diaz, Mario"]
[Result "1-0"]
[WhiteElo "2184"]
[BlackElo "2259"]
[PlyCount "127"]
[EventDate "2024.09.03"]
[EventType "swiss (blitz)"]
[EventRounds "11"]
[EventCountry "USA"]
[SourceTitle "EXT 2025"]
[Source "ChessBase"]
[SourceDate "2024.10.14"]
[SourceVersion "1"]
[SourceVersionDate "2024.10.14"]
[SourceQuality "1"]

1. e4 Nf6 2. Nc3 d5 3. exd5 Nxd5 4. Bc4 Nb6 5. Bb3 Nc6 6. Qf3 e6 7. Nge2 Bd6 8. 0-0 0-0 9. d3 Ne5 10. Qh3 Ng6 11. Ne4 Be7 12. f4 Nd5 13. Bd2 a5 14. a4 Nf6 15. Bc3 Nd5 16. Bd2 Bd7 17. Nd4 Nf6 18. Nf3 Nxe4 19. dxe4 Bc6 20. Rae1 Qd6 21. f5 Ne5 22. Bf4 Nxf3+ 23. Qxf3 e5 24. Be3 Bf6 25. g4 Qb4 26. Bc1 h6 27. Qe2 Rfd8 28. Qc4 Qxc4 29. Bxc4 Bxa4 30. b3 Bc6 31. Bd3 Rd7 32. Bb2 Rad8 33. Ra1 b6 34. Kg2 Re7 35. Kg3 Bg5 36. h4 Bf4+ 37. Kh3 Red7 38. Bc1 Bxc1 39. Raxc1 Rd4 40. Rce1 a4 41. bxa4 Rxa4 42. g5 hxg5 43. hxg5 f6 44. g6 Rdd4 45. Kg3 Bxe4 46. Bxe4 Rxe4 47. Rd1 Red4 48. c3 Rxd1 49. Rxd1 Ra8 50. Rd7 Rc8 51. Kf3 c5 52. Ke4 b5 53. Kd5 b4 54. Kc4 bxc3 55. Kxc3 Kf8 56. Kc4 Ke8 57. Rxg7 Rd8 58. Rg8+ Ke7 59. Rxd8 Kxd8 60. g7 Ke7 61. g8Q Kd6 62. Qe6+ Kc7 63. Qxf6 Kb7 64. Qxe5 1-0

[Event "Titled Tuesday intern op 26th Mar Early"]
[Site "Chess.com INT"]
[Date "2024.03.26"]
[Round "6"]
[White "Gavilan Diaz, Mario"]
[Black "Babiy, Olga"]
[Result "0-1"]
[WhiteElo "2259"]
[BlackElo "2303"]
[PlyCount "136"]
[EventDate "2024.03.26"]
[EventType "swiss (blitz)"]
[EventRounds "11"]
[EventCountry "USA"]
[SourceTitle "EXT 2025"]
[Source "ChessBase"]
[SourceDate "2024.10.14"]
[SourceVersion "1"]
[SourceVersionDate "2024.10.14"]
[SourceQuality "1"]

1. d4 Nf6 2. c4 e6 3. Nc3 Bb4 4. Qb3 Nc6 5. Nf3 b6 6. a3 Bxc3+ 7. Qxc3 Bb7 8. Bg5 h6 9. Bh4 g5 10. Bg3 Ne4 11. Qc2 f5 12. e3 d6 13. Bd3 Ne7 14. d5 exd5 15. Nd4 Qd7 16. cxd5 Bxd5 17. f3 Nxg3 18. hxg3 0-0-0 19. Nxf5 Nxf5 20. Bxf5 Be6 21. Bd3 Rde8 22. Kf2 Kb8 23. Rac1 Qe7 24. Rhe1 Bc8 25. Be4 Bb7 26. Bxb7 Kxb7 27. Qc6+ Kb8 28. Rc3 h5 29. Rec1 Rh7 30. a4 h4 31. gxh4 gxh4 32. a5 Qd7 33. Qd5 Qg7 34. a6 Qg3+ 35. Kf1 c5 36. f4 Rg8 37. Qxd6+ Ka8 38. Qd5+ Kb8 39. Qe5+ Ka8 40. Qe4+ Kb8 41. Rxc5 bxc5 42. Rxc5 Rc7 43. Rb5+ Kc8 44. Qa8+ Kd7 45. Rd5+ Ke6 46. Re5+ Kf6 47. Qe4 Rc1+ 48. Ke2 Qxg2+ 49. Qxg2 Rxg2+ 50. Kf3 Rxb2 51. Rh5 Rf1+ 52. Ke4 Rh1 53. Rh6+ Kg7 54. Rh5 Rb6 55. f5 Rxa6 56. Kf4 Ra4+ 57. e4 Rf1+ 58. Ke5 Re1 59. Rxh4 Rb4 60. f6+ Kg6 61. Rg4+ Kf7 62. Rg7+ Kf8 63. Rxa7 Rbxe4+ 64. Kf5 Re5+ 65. Kf4 R5e2 66. Kf5 Rf1+ 67. Kg6 Rg2+ 68. Kh7 Rh1# 0-1

[Event "Titled Tuesday intern op 26th Mar Early"]
[Site "Chess.com INT"]
[Date "2024.03.26"]
[Round "10"]
[White "Weetik, Vjacheslav"]
[Black "Gavilan Diaz, Mario"]
[Result "0-1"]
[WhiteElo "2423"]
[BlackElo "2259"]
[PlyCount "88"]
[EventDate "2024.03.26"]
[EventType "swiss (blitz)"]
[EventRounds "11"]
[EventCountry "USA"]
[SourceTitle "EXT 2025"]
[Source "ChessBase"]
[SourceDate "2024.10.14"]
[SourceVersion "1"]
[SourceVersionDate "2024.10.14"]
[SourceQuality "1"]

1. e4 Nf6 2. e5 Nd5 3. d4 d6 4. Nf3 dxe5 5. Nxe5 c6 6. Be2 g6 7. 0-0 Bg7 8. Re1 0-0 9. c4 Nb6 10. Nc3 N8d7 11. Nf3 e5 12. d5 cxd5 13. cxd5 Nf6 14. d6 e4 15. Ng5 Bf5 16. g4 Bd7 17. Ngxe4 Nxe4 18. Nxe4 Bc6 19. Bf1 Re8 20. Bg2 Nc4 21. Bg5 f6 22. Qb3 fxg5 23. Qxc4+ Kh8 24. Rad1 h6 25. Re3 Rc8 26. Qf7 Qd7 27. Qxg6 Qxg4 28. Rde1 Re6 29. h3 Qxg2+ 30. Kxg2 Rxg6 31. Kg3 Bxe4 32. Rxe4 Rxd6 33. b3 Rd7 34. h4 Bf6 35. hxg5 hxg5 36. Kg4 Kg7 37. Re6 Rcc7 38. Rh1 Re7 39. Rd6 Re4+ 40. Kf3 Rf4+ 41. Kg3 Re7 42. Rd5 Be5 43. Kg2 Rg4+ 44. Kf3 Rf4+ 0-1

[Event "Titled Tuesday intern op 05th Sep Early"]
[Site "Chess.com INT"]
[Date "2023.09.05"]
[Round "6"]
[White "Ai, Evan Zihao"]
[Black "Gavilan Diaz, Mario"]
[Result "0-1"]
[WhiteElo "2199"]
[BlackElo "2238"]
[PlyCount "74"]
[EventDate "2023.09.05"]
[EventType "swiss (blitz)"]
[EventRounds "11"]
[EventCountry "USA"]
[SourceTitle "EXT 2024"]
[Source "ChessBase"]
[SourceDate "2023.10.10"]
[SourceVersion "1"]
[SourceVersionDate "2023.10.10"]
[SourceQuality "1"]

1. e4 Nf6 2. e5 Nd5 3. d4 d6 4. c4 Nb6 5. exd6 cxd6 6. Nc3 g6 7. Be3 Bg7 8. Rc1 0-0 9. b3 Nc6 10. Nf3 Bg4 11. Be2 d5 12. c5 Nc8 13. h3 Bxf3 14. Bxf3 e6 15. 0-0 N8e7 16. Nb5 Nf5 17. g4 a6 18. gxf5 axb5 19. fxe6 fxe6 20. Bg4 Qf6 21. Qd3 h5 22. Be2 Rxa2 23. Ra1 Nb4 24. Qxb5 Rxa1 25. Rxa1 Nc2 26. Rf1 Nxe3 27. fxe3 Qg5+ 28. Kh1 Rxf1+ 29. Bxf1 Qxe3 30. Qd3 Qf2 31. Bg2 Kh7 32. Qf3 Qxd4 33. Qf7 Qxc5 34. Qxe6 Qc1+ 35. Kh2 Qf4+ 36. Kh1 Be5 37. Qxd5 Qh2# 0-1

[Event "Titled Tuesday intern op 05th Sep Late"]
[Site "Chess.com INT"]
[Date "2023.09.05"]
[Round "3"]
[White "Dimitrov, Atanas Valtchev"]
[Black "Gavilan Diaz, Mario"]
[Result "1-0"]
[WhiteElo "2269"]
[BlackElo "2238"]
[PlyCount "151"]
[EventDate "2023.09.05"]
[EventType "swiss (blitz)"]
[EventRounds "11"]
[EventCountry "USA"]
[SourceTitle "EXT 2024"]
[Source "ChessBase"]
[SourceDate "2023.10.10"]
[SourceVersion "1"]
[SourceVersionDate "2023.10.10"]
[SourceQuality "1"]

1. e4 Nf6 2. e5 Nd5 3. d4 d6 4. Nf3 g6 5. Bc4 c6 6. 0-0 Bg7 7. Re1 0-0 8. Nbd2 dxe5 9. Nxe5 Nb6 10. c3 Nxc4 11. Ndxc4 Be6 12. Bf4 f6 13. Nxc6 Nxc6 14. Rxe6 Qd5 15. Qe2 Ne5 16. Rxe5 fxe5 17. Bxe5 Bh6 18. h3 b5 19. Ne3 Qe4 20. Re1 Bxe3 21. Qxe3 Qxe3 22. Rxe3 Rfc8 23. Bf4 Kf7 24. g3 a5 25. Rf3 Kg8 26. Bg5 Ra7 27. Re3 Kf7 28. Rf3+ Kg8 29. a3 b4 30. axb4 axb4 31. Re3 bxc3 32. bxc3 Kf7 33. Kg2 Rc4 34. h4 Rac7 35. Rf3+ Kg8 36. Bd2 R7c6 37. Re3 e6 38. Re5 Kf7 39. Rb5 h5 40. Kf3 Ra4 41. Ke4 Ra2 42. Kd3 Rc7 43. f3 Rd7 44. Bf4 Ra3 45. Rc5 Ra6 46. Rc8 Ra2 47. Be5 Ra1 48. Rh8 Rd1+ 49. Ke2 Rc1 50. Kd2 Rf1 51. Rh7+ Ke8 52. Rh8+ Kf7 53. Ke2 Rc1 54. Rh7+ Ke8 55. Rh6 Kf7 56. g4 hxg4 57. fxg4 Rg1 58. h5 Rxg4 59. Rh7+ Ke8 60. hxg6 Rxg6 61. Rh8+ Kf7 62. Kd3 Rg8 63. Rh1 Ke8 64. c4 Rg4 65. c5 Rg8 66. c6 Ra7 67. Rb1 Ke7 68. Rb7+ Rxb7 69. cxb7 Kd7 70. b8Q Rxb8 71. Bxb8 Kc6 72. Ke4 Kd7 73. Bg3 Ke7 74. Ke5 Kd7 75. Bh4 Kc6 76. Kxe6 1-0

[Event "Titled Tuesday intern op 05th Sep Late"]
[Site "Chess.com INT"]
[Date "2023.09.05"]
[Round "7"]
[White "Gavilan Diaz, Mario"]
[Black "Dourerassou, Jonathan"]
[Result "0-1"]
[WhiteElo "2238"]
[BlackElo "2415"]
[PlyCount "70"]
[EventDate "2023.09.05"]
[EventType "swiss (blitz)"]
[EventRounds "11"]
[EventCountry "USA"]
[SourceTitle "EXT 2024"]
[Source "ChessBase"]
[SourceDate "2023.10.10"]
[SourceVersion "1"]
[SourceVersionDate "2023.10.10"]
[SourceQuality "1"]

1. d4 Nf6 2. c4 g6 3. Nc3 d5 4. cxd5 Nxd5 5. e4 Nxc3 6. bxc3 Bg7 7. Nf3 0-0 8. Be2 c5 9. Rb1 Nc6 10. d5 Ne5 11. Nxe5 Bxe5 12. c4 e6 13. 0-0 Qh4 14. f4 Bd4+ 15. Kh1 exd5 16. cxd5 Re8 17. Bf3 b6 18. e5 Ba6 19. Be2 Bb7 20. Bf3 Rad8 21. d6 Ba6 22. Bd2 Bxf1 23. Qxf1 Bf2 24. Bc6 Bg3 25. h3 Rf8 26. Qf3 Bf2 27. Rf1 Bd4 28. Bd5 Kh8 29. Bc3 f6 30. Bxd4 cxd4 31. Qe4 fxe5 32. Qxe5+ Qf6 33. Rd1 Rxd6 34. Rxd4 Rfd8 35. Qxf6+ Rxf6 0-1

[Event "Titled Tuesday intern op 05th Sep Late"]
[Site "Chess.com INT"]
[Date "2023.09.05"]
[Round "4"]
[White "Gavilan Diaz, Mario"]
[Black "Korol, Dimitry"]
[Result "1/2-1/2"]
[WhiteElo "2238"]
[BlackElo "2287"]
[PlyCount "145"]
[EventDate "2023.09.05"]
[EventType "swiss (blitz)"]
[EventRounds "11"]
[EventCountry "USA"]
[SourceTitle "EXT 2024"]
[Source "ChessBase"]
[SourceDate "2023.10.10"]
[SourceVersion "1"]
[SourceVersionDate "2023.10.10"]
[SourceQuality "1"]

1. d4 Nf6 2. c4 c5 3. d5 b5 4. cxb5 a6 5. b6 d6 6. Nc3 Nbd7 7. e4 g6 8. a4 a5 9. Nf3 Bg7 10. Nd2 0-0 11. Be2 Nxb6 12. 0-0 e6 13. Nc4 exd5 14. Nxb6 Qxb6 15. exd5 Re8 16. Bb5 Bd7 17. Bf4 Rad8 18. h3 Ne4 19. Nxe4 Rxe4 20. Bg5 f6 21. Qf3 Re5 22. Bxf6 Bxf6 23. Qxf6 Rf8 24. Qh4 Bxb5 25. axb5 Qxb5 26. Rfd1 Qxb2 27. Rxa5 Ref5 28. Rf1 Qf6 29. Qg3 Rxd5 30. Ra7 Rf5 31. f3 Qe5 32. Qh4 R5f7 33. Rxf7 Rxf7 34. Rd1 d5 35. Qd8+ Kg7 36. Rxd5 Qe3+ 37. Kh1 Qc1+ 38. Rd1 Qe3 39. Qd5 h5 40. Rd3 Qe1+ 41. Kh2 Qe7 42. Rc3 Rf5 43. Qe4 Qxe4 44. fxe4 Re5 45. Rc4 g5 46. Kg3 Kf6 47. Kf3 Ke6 48. Ra4 Kd6 49. Ra6+ Kc7 50. Ra4 Kb6 51. h4 gxh4 52. Kf4 Re8 53. e5 Kb5 54. Ra1 c4 55. Kf5 Kb4 56. Kf6 Rg8 57. e6 Rxg2 58. Re1 Rg8 59. Kf7 Ra8 60. e7 c3 61. Rd1 Ra7 62. Kf8 Rxe7 63. Kxe7 c2 64. Rh1 Kb3 65. Kf6 Kb2 66. Kg5 h3 67. Kh4 h2 68. Kh3 c1Q 69. Rxc1 Kxc1 70. Kxh2 Kd2 71. Kh3 Ke3 72. Kh4 Kf4 73. Kxh5 1/2-1/2

[Event "Titled Tuesday intern op 05th Sep Early"]
[Site "Chess.com INT"]
[Date "2023.09.05"]
[Round "1"]
[White "Sonis, Francesco"]
[Black "Gavilan Diaz, Mario"]
[Result "1-0"]
[WhiteElo "2564"]
[BlackElo "2238"]
[PlyCount "101"]
[EventDate "2023.09.05"]
[EventType "swiss (blitz)"]
[EventRounds "11"]
[EventCountry "USA"]
[SourceTitle "EXT 2024"]
[Source "ChessBase"]
[SourceDate "2023.10.10"]
[SourceVersion "1"]
[SourceVersionDate "2023.10.10"]
[SourceQuality "1"]

1. Nf3 Nf6 2. b3 c5 3. Bb2 b6 4. d3 Bb7 5. Nbd2 e6 6. g3 Be7 7. Bg2 0-0 8. 0-0 d6 9. e3 Nbd7 10. Qe2 e5 11. c4 a5 12. a3 a4 13. b4 cxb4 14. axb4 d5 15. Nxe5 Nxe5 16. Bxe5 Bxb4 17. Rfb1 Be7 18. Bd4 Ra6 19. cxd5 Bxd5 20. Bxd5 Nxd5 21. Nc4 Bf6 22. Qb2 b5 23. Qxb5 Bxd4 24. Qxa6 Bxa1 25. Rxa1 Nc3 26. Nb2 Qf6 27. Qxf6 gxf6 28. Ra3 Rb8 29. Nxa4 Nb1 30. Ra2 Rb4 31. Rb2 Rxa4 32. Rb8+ Kg7 33. Rxb1 h5 34. h3 Kg6 35. Kg2 Ra2 36. Rb5 Rc2 37. d4 Ra2 38. Kf3 Rd2 39. Rc5 Ra2 40. e4 Rb2 41. Ke3 Ra2 42. h4 Rb2 43. f3 Ra2 44. Rc3 Rb2 45. d5 Ra2 46. d6 Ra8 47. d7 Rd8 48. Rd3 f5 49. Rd6+ Kg7 50. exf5 Kf8 51. f6 1-0

[Event "Titled Tuesday intern op 05th Sep Early"]
[Site "Chess.com INT"]
[Date "2023.09.05"]
[Round "10"]
[White "Willy, Stephen"]
[Black "Gavilan Diaz, Mario"]
[Result "0-1"]
[WhiteElo "1994"]
[BlackElo "2238"]
[PlyCount "62"]
[EventDate "2023.09.05"]
[EventType "swiss (blitz)"]
[EventRounds "11"]
[EventCountry "USA"]
[SourceTitle "EXT 2024"]
[Source "ChessBase"]
[SourceDate "2023.10.10"]
[SourceVersion "1"]
[SourceVersionDate "2023.10.10"]
[SourceQuality "1"]

1. e4 Nf6 2. e5 Nd5 3. c4 Nb6 4. d4 d6 5. f4 dxe5 6. fxe5 c5 7. d5 e6 8. Nf3 exd5 9. cxd5 Qxd5 10. Bb5+ Bd7 11. Bxd7+ N8xd7 12. Qe2 Qc4 13. Qe3 Be7 14. Nbd2 Qa6 15. Rf1 0-0-0 16. a4 Nd5 17. Qb3 Nb4 18. Kf2 c4 19. Nxc4 Nc5 20. Qc3 Rd3 21. Nd6+ Bxd6 22. Qxb4 Rxf3+ 23. Kxf3 Qxf1+ 24. Kg3 Bxe5+ 25. Kh3 Qf5+ 26. Kh4 Bf6+ 27. Kg3 Ne4+ 28. Qxe4 Qxe4 29. Bf4 Be5 30. Bxe5 Qxe5+ 31. Kf3 Rd8 0-1

[Event "Titled Tuesday intern op 29th Aug Early"]
[Site "Chess.com INT"]
[Date "2023.08.29"]
[Round "9"]
[White "Gavilan Diaz, Mario"]
[Black "Csonka, Balazs"]
[Result "0-1"]
[WhiteElo "2274"]
[BlackElo "2480"]
[PlyCount "56"]
[EventDate "2023.08.29"]
[EventType "swiss (blitz)"]
[EventRounds "11"]
[EventCountry "USA"]
[SourceTitle "EXT 2024"]
[Source "ChessBase"]
[SourceDate "2023.10.10"]
[SourceVersion "1"]
[SourceVersionDate "2023.10.10"]
[SourceQuality "1"]

1. d4 Nf6 2. c4 a6 3. Nc3 b5 4. cxb5 axb5 5. Nxb5 e5 6. dxe5 Ne4 7. Nc3 Bb4 8. Qc2 d5 9. exd6 Bf5 10. Qb3 Nc6 11. Nf3 Qxd6 12. e3 Rb8 13. Qc4 Nxc3 14. bxc3 Be6 15. Qa6 Bxc3+ 16. Bd2 Bxa1 17. Bb5 0-0 18. 0-0 Rb6 19. Qa4 Bf6 20. Rd1 Qc5 21. Bf1 Rfb8 22. Rc1 Qd6 23. h3 h6 24. e4 Nd4 25. Nxd4 Bxd4 26. Qc2 Rb2 27. Qd1 Bxf2+ 28. Kxf2 Rxd2+ 0-1

[Event "Titled Tuesday intern op 29th Aug Early"]
[Site "Chess.com INT"]
[Date "2023.08.29"]
[Round "7"]
[White "Gavilan Diaz, Mario"]
[Black "Vifleemskaia, Svetlana"]
[Result "1/2-1/2"]
[WhiteElo "2274"]
[BlackElo "1903"]
[PlyCount "138"]
[EventDate "2023.08.29"]
[EventType "swiss (blitz)"]
[EventRounds "11"]
[EventCountry "USA"]
[SourceTitle "EXT 2024"]
[Source "ChessBase"]
[SourceDate "2023.10.10"]
[SourceVersion "1"]
[SourceVersionDate "2023.10.10"]
[SourceQuality "1"]

1. d4 Nf6 2. c4 e6 3. Nf3 Bb4+ 4. Nbd2 b6 5. a3 Bxd2+ 6. Nxd2 Bb7 7. f3 d5 8. e3 0-0 9. Bd3 c5 10. dxc5 bxc5 11. 0-0 Nc6 12. b3 Ne5 13. Be2 d4 14. f4 Ng6 15. Bf3 dxe3 16. Bxb7 exd2 17. Qxd2 Rb8 18. Bf3 Qxd2 19. Bxd2 Rxb3 20. g3 Ne7 21. Bd1 Rd3 22. Be1 Nc6 23. Be2 Rd6 24. Bf2 Nd4 25. Bxd4 Rxd4 26. Rab1 Rfd8 27. Rb7 R4d7 28. Rfb1 Kf8 29. Bf3 Rxb7 30. Rxb7 Rd7 31. Rb8+ Ke7 32. Rc8 Rd3 33. Kg2 Rxa3 34. Rc7+ Kf8 35. Rc8+ Ke7 36. Rc7+ Kf8 37. Rxc5 g6 38. Rc8+ Kg7 39. c5 Nd5 40. c6 Rc3 41. Bxd5 exd5 42. Kf2 d4 43. Ke2 a5 44. Kd2 a4 45. Ra8 Rxc6 46. Rxa4 Rb6 47. Ra2 Rb4 48. Kd3 h5 49. Re2 Kf6 50. Re4 Rb2 51. Rxd4 Rxh2 52. Ke3 Rb2 53. Kf3 Rb3+ 54. Kf2 Rb2+ 55. Kf3 Rb6 56. Rc4 Re6 57. Rc5 Kg7 58. Rb5 Kf6 59. Rc5 Rd6 60. Rb5 Ra6 61. Rc5 Re6 62. Rb5 Kg7 63. Rc5 Kf6 64. Rb5 Rc6 65. Kg2 Re6 66. Kh3 Rd6 67. Rc5 Re6 68. Kg2 Rd6 69. Kf3 Re6 1/2-1/2

[Event "Titled Tuesday intern op 22nd Aug Early"]
[Site "Chess.com INT"]
[Date "2023.08.22"]
[Round "11"]
[White "Hoang, Thi Bao Tram"]
[Black "Gavilan Diaz, Mario"]
[Result "1-0"]
[WhiteElo "2266"]
[BlackElo "2274"]
[PlyCount "175"]
[EventDate "2023.08.22"]
[EventType "swiss (blitz)"]
[EventRounds "11"]
[EventCountry "USA"]
[SourceTitle "EXT 2024"]
[Source "ChessBase"]
[SourceDate "2023.10.10"]
[SourceVersion "1"]
[SourceVersionDate "2023.10.10"]
[SourceQuality "1"]

1. d4 Nf6 2. Nf3 b6 3. g3 Bb7 4. Bg2 c5 5. 0-0 cxd4 6. Qxd4 e6 7. c4 Be7 8. Nc3 0-0 9. b3 a6 10. Bb2 Nc6 11. Qd2 d6 12. Rad1 Qc7 13. Rfe1 Rfd8 14. e4 Rac8 15. h3 Qb8 16. Nh2 Qa8 17. Na4 Nd7 18. Ng4 b5 19. cxb5 axb5 20. Nc3 b4 21. Na4 Qa5 22. Ne3 Nc5 23. Nc4 Qa7 24. Ncb6 Rb8 25. Qe2 Nxa4 26. Nxa4 Ne5 27. Kh2 Ba6 28. Qd2 Nd3 29. Re3 Bg5 30. Rxd3 Bxd2 31. R3xd2 Bb5 32. Bd4 Qa6 33. Bc5 Bxa4 34. bxa4 Qxa4 35. Bxd6 Rbc8 36. e5 h6 37. h4 Rc2 38. Be4 Rxd2 39. Rxd2 g6 40. h5 b3 41. Bb1 bxa2 42. Bxa2 Qa5 43. Re2 Qa6 44. Rd2 Qa5 45. Re2 Qa6 46. Rc2 Qa4 47. Rb2 Qd4 48. Re2 Qd3 49. Re3 Qd1 50. hxg6 fxg6 51. Bxe6+ Kg7 52. Kg2 Rxd6 53. exd6 Qxd6 54. Bg4 Qc6+ 55. Bf3 Qd6 56. Rc3 h5 57. Rc6 Qe5 58. Rc4 Qe6 59. Re4 Qf6 60. Re3 Kh6 61. Rd3 Qe6 62. Re3 Qf6 63. Re8 Qf7 64. Re5 Qf6 65. Rc5 Qf7 66. Rc6 Qd7 67. Be4 Qg4 68. Rxg6+ Qxg6 69. Bxg6 Kxg6 70. Kh3 Kg5 71. f4+ Kg6 72. Kh4 Kf6 73. Kxh5 Kf5 74. Kh4 Kg6 75. g4 Kf6 76. f5 Kg7 77. Kg5 Kh7 78. Kf4 Kg7 79. g5 Kf7 80. Ke5 Kg7 81. g6 Kf8 82. Ke6 Kg8 83. Kf6 Kf8 84. Ke6 Kg8 85. f6 Kh8 86. Ke7 Kg8 87. f7+ Kh8 88. f8Q# 1-0

[Event "Titled Tuesday intern op 08th Aug Early"]
[Site "Chess.com INT"]
[Date "2023.08.08"]
[Round "5"]
[White "Gavilan Diaz, Mario"]
[Black "Prohaszka, Peter"]
[Result "0-1"]
[WhiteElo "2274"]
[BlackElo "2581"]
[PlyCount "98"]
[EventDate "2023.08.08"]
[EventType "swiss (blitz)"]
[EventRounds "11"]
[EventCountry "USA"]
[SourceTitle "EXT 2024"]
[Source "ChessBase"]
[SourceDate "2023.10.10"]
[SourceVersion "1"]
[SourceVersionDate "2023.10.10"]
[SourceQuality "1"]

1. d4 d5 2. c4 e6 3. Nc3 Nf6 4. cxd5 exd5 5. Bg5 c6 6. Qc2 h6 7. Bh4 Be7 8. e3 0-0 9. Bd3 Re8 10. Nge2 Nbd7 11. 0-0 Nh5 12. Bxe7 Qxe7 13. Rab1 Nb6 14. b4 Bd7 15. a4 Nc8 16. b5 Nd6 17. bxc6 Bxc6 18. Qb3 Qg5 19. Bb5 Nc4 20. Rbd1 Re6 21. Ng3 Nxg3 22. hxg3 h5 23. Bxc4 dxc4 24. Qxc4 Rh6 25. d5 Bd7 26. Ne4 Qg6 27. Nc5 Bg4 28. f3 Bc8 29. Qf4 h4 30. g4 b6 31. Ne4 Ba6 32. Rf2 h3 33. g3 Rd8 34. d6 Kh7 35. Ng5+ Kg8 36. Ne4 Bb7 37. d7 Bxe4 38. fxe4 Qe6 39. Qc7 Qe7 40. Rdf1 f6 41. Rd1 Kf7 42. Qc4+ Qe6 43. Qc7 Ke7 44. a5 h2+ 45. Rxh2 Rxh2 46. Kxh2 Qxe4 47. axb6 Rh8+ 48. Kg1 Qh1+ 49. Kf2 Rh2# 0-1

[Event "Titled Tuesday intern op 08th Aug Early"]
[Site "Chess.com INT"]
[Date "2023.08.08"]
[Round "4"]
[White "Skliarov, Viktor"]
[Black "Gavilan Diaz, Mario"]
[Result "1-0"]
[WhiteElo "2383"]
[BlackElo "2274"]
[PlyCount "69"]
[EventDate "2023.08.08"]
[EventType "swiss (blitz)"]
[EventRounds "11"]
[EventCountry "USA"]
[SourceTitle "EXT 2024"]
[Source "ChessBase"]
[SourceDate "2023.10.10"]
[SourceVersion "1"]
[SourceVersionDate "2023.10.10"]
[SourceQuality "1"]

1. e4 e6 2. d4 d5 3. e5 c5 4. c3 Qb6 5. Nf3 Bd7 6. Be2 Bb5 7. c4 Bxc4 8. Bxc4 dxc4 9. d5 exd5 10. Qxd5 Ne7 11. Qe4 Qc6 12. Qxc4 Qa6 13. Qe4 Nbc6 14. Na3 0-0-0 15. Nc4 Ng6 16. 0-0 Nd4 17. b3 Be7 18. Bb2 Nxf3+ 19. Qxf3 Qe6 20. a4 Rd5 21. a5 Rhd8 22. a6 b6 23. Ne3 Nh4 24. Qe4 f5 25. Qc4 Rxe5 26. Bxe5 Qxe5 27. Rfe1 f4 28. Nd5 Nf3+ 29. gxf3 Qg5+ 30. Kf1 Rxd5 31. Rxe7 Qh5 32. Qe4 Kd8 33. Re8+ Kd7 34. Qe6+ Kc7 35. Rc8# 1-0

[Event "Titled Tuesday intern op 17th Jan Late"]
[Site "Chess.com INT"]
[Date "2023.01.17"]
[Round "6"]
[White "Ferriz Barrios, Andres"]
[Black "Gavilan Diaz, Mario"]
[Result "0-1"]
[WhiteElo "2102"]
[BlackElo "2271"]
[PlyCount "52"]
[EventDate "2023.01.17"]
[EventType "swiss (blitz)"]
[EventRounds "11"]
[EventCountry "USA"]
[SourceTitle "CBM 212 Extra"]
[Source "ChessBase"]
[SourceDate "2023.03.31"]
[SourceVersion "1"]
[SourceVersionDate "2023.03.31"]
[SourceQuality "1"]

1. d4 Nf6 2. Nf3 c5 3. e3 g6 4. Nbd2 Bg7 5. g3 b6 6. Bg2 Bb7 7. 0-0 0-0 8. Re1 d6 9. b3 Nbd7 10. Bb2 e5 11. c4 e4 12. Ng5 Re8 13. d5 h6 14. Nh3 g5 15. Qc2 Qe7 16. f4 exf3 17. Nf4 fxg2 18. Nxg2 Ne5 19. h4 Bc8 20. hxg5 hxg5 21. Rf1 Neg4 22. Rae1 Ne4 23. Bxg7 Kxg7 24. Nf3 Nxg3 25. Nd4 Nxf1 26. Rxf1 cxd4 0-1